| 000 | 00590nai a2200169Ia 4500 | ||
|---|---|---|---|
| 003 | IN-BaIIA | ||
| 008 | 211028c9999 xx s 000 0 eng d | ||
| 022 | _a0927-7757 (Online) | ||
| 040 | _cIIA Library | ||
| 245 | 0 |
_aColloids and Surfaces A: Physicochemical and Engineering Aspects _h[eJournal] |
|
| 260 |
_aNew York _bElsevier |
||
| 310 | _aSemi-monthly | ||
| 362 | _a94(1); 1995 - Present | ||
| 521 | _bSubscribed through National Knowledge Resource Consortium (NKRC) | ||
| 856 |
_uhttps://www.sciencedirect.com/science/journal/09277757 _yClick Here to Access eJournal |
||
| 942 | _cEJ | ||
| 999 |
_c34205 _d34205 |
||